|
|
|
|
| LEADER |
00550mam a2200157 a 4500 |
| 020 |
|
|
|a 0761962875
|
| 020 |
|
|
|a 0761962883 (pbk.)
|
| 082 |
0 |
4 |
|a 910.015 195
|b ROG/S
|
| 100 |
1 |
|
|a Rogerson, Peter.
|
| 245 |
1 |
0 |
|a Statistical methods for geography /
|
| 260 |
|
|
|a London ;
|a Thousand Oaks, Calif. :
|b SAGE Publications,
|c c2001.
|
| 300 |
|
|
|a xii, 236 p. :
|
| 650 |
|
0 |
|a Geography
|
| 942 |
|
|
|c BK
|
| 999 |
|
|
|c 96057
|d 96057
|
| 952 |
|
|
|0 0
|1 0
|4 0
|6 910_015000000000000_195_ROG_S
|7 0
|9 88829
|a SSS
|b SSS
|c GEN
|d 2011-08-24
|g 1789.11
|l 0
|o 910.015 195 ROG/S
|p SSS04048
|r 2011-08-24
|w 2011-08-24
|y BK
|